[Event "Khanty-Mansiysk Governor Cup 16th"]
[Site "Khanty-Mansiysk"]
[Date "2020.12.04"]
[Round "5"]
[White "Oliinyk, Serafim"]
[Black "Voskresenskaya, Marta"]
[Result "1-0"]
[WhiteElo "2042"]
[BlackElo "1867"]
[PlyCount "95"]
[EventDate "2020.11.30"]
[EventType "swiss"]
[EventRounds "9"]
[EventCountry "RUS"]
[SourceTitle "CBM 199 Extra"]
[Source "ChessBase"]
[SourceDate "2021.01.31"]
[SourceVersion "1"]
[SourceVersionDate "2021.01.31"]
[SourceQuality "1"]

1. e4 c6 2. d4 d5 3. exd5 cxd5 4. Bd3 Nc6 5. c3 Nf6 6. Bf4 Bg4 7. Qb3 Qd7 8. Nd2 e6 9. Ngf3 Bxf3 10. Nxf3 Bd6 11. Bxd6 Qxd6 12. 0-0 0-0 13. Rae1 Nd7 14. Re3 Rab8 15. Qd1 h6 16. Rfe1 b5 17. Ne5 b4 18. Nxd7 Qxd7 19. Qg4 f5 20. Qe2 Nd8 21. c4 dxc4 22. Bxc4 Qxd4 23. Rd1 Qh4 24. Rd7 Kh8 25. g3 Qf6 26. Bxe6 f4 27. gxf4 Nxe6 28. Rxe6 Qxf4 29. Re4 Qf5 30. Rd1 Rb6 31. Re3 Rbf6 32. Rf1 Rc6 33. Rg3 Rc2 34. Qe3 a5 35. Qd4 Rf7 36. a3 Rd7 37. Qe3 Rxb2 38. axb4 axb4 39. Rf3 Qg6+ 40. Rg3 Qf7 41. Rc1 Rd8 42. Rf3 Qg6+ 43. Rg3 Qf7 44. Rf3 Qd7 45. Qe5 Qd4 46. Rf8+ Kh7 47. Qf5+ g6 48. Rc7+ 1-0

[Event "Moscow op (Women) 16th"]
[Site "Moscow"]
[Date "2020.02.02"]
[Round "9"]
[White "Voskresenskaya, Marta"]
[Black "Serikbay, Assel"]
[Result "0-1"]
[WhiteElo "1927"]
[BlackElo "2325"]
[PlyCount "114"]
[EventDate "2020.01.25"]
[EventType "swiss"]
[EventRounds "9"]
[EventCountry "RUS"]
[SourceTitle "CBM 194 Extra"]
[Source "ChessBase"]
[SourceDate "2020.03.31"]
[SourceVersion "1"]
[SourceVersionDate "2020.03.31"]
[SourceQuality "1"]

1. d4 d5 2. c4 c6 3. Nf3 Nf6 4. Nc3 dxc4 5. e3 b5 6. a4 b4 7. Na2 e6 8. Bxc4 Nbd7 9. 0-0 c5 10. Qe2 Bb7 11. Ba6 Bd5 12. Bd2 Ne4 13. dxc5 Nxd2 14. Qxd2 Bxc5 15. Nxb4 Bxf3 16. gxf3 0-0 17. Na2 Qg5+ 18. Kh1 Rad8 19. Rg1 Qh5 20. Qe2 Ne5 21. Rg3 Ng6 22. Nc3 Be7 23. Rag1 Qc5 24. Rg4 f5 25. Rc4 Qb6 26. Bb5 Ne5 27. Rf4 Rd6 28. e4 Ng6 29. Rxg6 hxg6 30. e5 Rd4 31. Rxd4 Qxd4 32. Bc4 Kf7 33. Nb5 Qc5 34. b4 Qxb4 35. Nd4 Kg8 36. Nxe6 Rc8 37. Ba2 Rc1+ 38. Kg2 Kh7 39. Qe3 Qe1 40. Qxe1 Rxe1 41. f4 g5 42. fxg5 Rxe5 43. Bb3 g6 44. h3 Re4 45. a5 Rb4 46. Bd1 Rb5 47. a6 Rb6 48. Nc7 Bd8 49. Nd5 Rxa6 50. h4 Ra1 51. Bc2 a5 52. h5 Bxg5 53. hxg6+ Kxg6 54. Kg3 a4 55. f4 Bd8 56. Ne3 Ra3 57. Kf2 Bb6 0-1

[Event "Moscow op (Women) 16th"]
[Site "Moscow"]
[Date "2020.01.29"]
[Round "5"]
[White "Voskresenskaya, Marta"]
[Black "Nurgaliyeva, Zarina"]
[Result "0-1"]
[WhiteElo "1927"]
[BlackElo "1703"]
[PlyCount "92"]
[EventDate "2020.01.25"]
[EventType "swiss"]
[EventRounds "9"]
[EventCountry "RUS"]
[SourceTitle "CBM 194 Extra"]
[Source "ChessBase"]
[SourceDate "2020.03.31"]
[SourceVersion "1"]
[SourceVersionDate "2020.03.31"]
[SourceQuality "1"]

1. d4 Nf6 2. c4 e6 3. Nf3 d5 4. Nbd2 Bb4 5. Qa4+ Nc6 6. Ne5 Bd7 7. Nxd7 Qxd7 8. a3 Bxd2+ 9. Bxd2 Nxd4 10. Qd1 dxc4 11. e3 Nb3 12. Bxc4 Nxa1 13. Qxa1 Ne4 14. Bc1 0-0 15. f3 Nd6 16. Be2 c5 17. 0-0 Qc6 18. Bd2 Rfd8 19. Rc1 Qb6 20. Rc2 Rac8 21. a4 c4 22. a5 Qa6 23. b4 b5 24. Qe5 Nf5 25. Bc3 f6 26. Qe4 Qc6 27. Qf4 Qd6 28. Qe4 Qe7 29. Rc1 Nd6 30. Qg4 e5 31. Bd1 e4 32. f4 Ne8 33. Bc2 Nd6 34. Rb1 a6 35. h4 Rc7 36. h5 Nf7 37. Bd4 Rc6 38. Qh4 Qe6 39. f5 Qe7 40. Bxe4 Rcd6 41. Bc2 Rxd4 42. exd4 Qe3+ 43. Kh1 Rxd4 44. Qh2 Qf2 45. Qb8+ Nd8 46. Be4 Qh4+ 0-1

[Event "Khanty-Mansiysk Governor Cup 15th"]
[Site "Khanty-Mansiysk"]
[Date "2019.11.19"]
[Round "1"]
[White "Voskresenskaya, Marta"]
[Black "Savitskiy, Sergey"]
[Result "1/2-1/2"]
[WhiteElo "1859"]
[BlackElo "2396"]
[PlyCount "84"]
[EventDate "2019.11.19"]
[EventType "swiss"]
[EventRounds "9"]
[EventCountry "RUS"]
[SourceTitle "CBM 193 Extra"]
[Source "ChessBase"]
[SourceDate "2020.01.31"]
[SourceVersion "1"]
[SourceVersionDate "2020.01.31"]
[SourceQuality "1"]

1. d4 Nf6 2. Nf3 g6 3. c4 Bg7 4. Nc3 0-0 5. g3 d6 6. Bg2 Nc6 7. 0-0 e5 8. dxe5 dxe5 9. Bg5 Be6 10. Nd2 h6 11. Bxf6 Bxf6 12. Nd5 Bg7 13. Ne4 f5 14. Nc5 Bc8 15. Qa4 Nd4 16. e3 Ne2+ 17. Kh1 c6 18. Qc2 Nxg3+ 19. hxg3 cxd5 20. Bxd5+ Kh7 21. f4 Qe7 22. Nd3 Be6 23. Rfe1 e4 24. Nf2 Bxd5 25. cxd5 Rac8 26. Qb3 Rf6 27. Rac1 Rxc1 28. Rxc1 Rb6 29. Qd1 Bxb2 30. Rb1 Qd8 31. g4 fxg4 32. Nxg4 Ba3 33. Rxb6 axb6 34. Ne5 Qh4+ 35. Kg2 Bc5 36. Qd2 Qd8 37. Ng4 h5 38. Nf2 Qe7 39. Nh3 Qd7 40. Ng5+ Kg8 41. Nxe4 Qg4+ 42. Kh2 Qh4+ 1/2-1/2

[Event "Satka Autumn op (Women)"]
[Site "Satka"]
[Date "2019.09.25"]
[Round "7"]
[White "Krylova, Mariya"]
[Black "Voskresenskaya, Marta"]
[Result "1/2-1/2"]
[WhiteElo "1543"]
[BlackElo "1907"]
[PlyCount "211"]
[EventDate "2019.09.19"]
[EventType "swiss"]
[EventRounds "9"]
[EventCountry "RUS"]
[SourceTitle "EXT 2020"]
[Source "ChessBase"]
[SourceDate "2019.10.17"]
[SourceVersion "1"]
[SourceVersionDate "2019.10.17"]
[SourceQuality "1"]

1. e4 c6 2. d4 d5 3. Nc3 dxe4 4. Nxe4 Bf5 5. Ng3 Bg6 6. h4 h6 7. Nf3 Nd7 8. h5 Bh7 9. Bd3 Bxd3 10. Qxd3 e6 11. Bd2 Ngf6 12. 0-0-0 Be7 13. Kb1 0-0 14. Ne4 Nxe4 15. Qxe4 Nf6 16. Qe2 Qd5 17. Ne5 Qe4 18. Qxe4 Nxe4 19. Be3 Rfd8 20. g4 f6 21. Ng6 Bd6 22. Rhe1 f5 23. f3 Nf6 24. Bf4 fxg4 25. fxg4 Nxg4 26. Rxe6 Bxf4 27. Nxf4 Nf6 28. c3 Re8 29. Rde1 Kf7 30. R6e5 Rxe5 31. Rxe5 Re8 32. Rf5 Re1+ 33. Kc2 Rg1 34. Kd3 Rg5 35. Re5 Nd7 36. Re3 Rf5 37. Ke4 Ra5 38. Rf3 Nf6+ 39. Kd3 Rxa2 40. Rf2 Ra5 41. Rh2 Rf5 42. Rh4 Rg5 43. Rh3 Rf5 44. Rh4 a5 45. Kc4 b5+ 46. Kb3 c5 47. dxc5 Rxc5 48. Rh3 Rf5 49. Rh4 Nd5 50. Ne2 Nf6 51. Nf4 Rg5 52. Rh2 Rg4 53. Ne2 Re4 54. Ng3 Re5 55. Kc2 Rg5 56. Rh3 a4 57. Kd3 g6 58. hxg6+ Kxg6 59. Ne2 Nd5 60. Rh2 h5 61. Ke4 Nf6+ 62. Kf3 Rf5+ 63. Kg3 Kg5 64. Nd4 Ne4+ 65. Kh3 Rd5 66. Re2 Nf6 67. Ne6+ Kh6 68. Nd4 b4 69. Re6 bxc3 70. bxc3 Kg6 71. Ra6 Rc5 72. Rxa4 Rxc3+ 73. Kg2 h4 74. Ne2 h3+ 75. Kh2 Rc2 76. Kxh3 Rxe2 77. Kg3 Re5 78. Ra6 Kg5 79. Kf3 Ng4 80. Ra3 Kf5 81. Rb3 Re4 82. Ra3 Ne5+ 83. Kf2 Kf4 84. Kg2 Re2+ 85. Kf1 Rb2 86. Ke1 Ke4 87. Kd1 Nd3 88. Ra8 Ne5 89. Kc1 Re2 90. Ra4+ Ke3 91. Ra7 Kd4 92. Rc7 Nc4 93. Kd1 Re3 94. Rd7+ Kc3 95. Rc7 Re8 96. Rc6 Kd3 97. Rc7 Ne3+ 98. Kc1 Nd5 99. Rd7 Re5 100. Kb2 Kc4 101. Rh7 Re2+ 102. Kc1 Kd3 103. Rd7 Rc2+ 104. Kb1 Rc5 105. Kb2 Kd4 106. Kb3 1/2-1/2

[Event "Satka Autumn op (Women)"]
[Site "Satka"]
[Date "2019.09.21"]
[Round "3"]
[White "Prudnikova, Svetlana"]
[Black "Voskresenskaya, Marta"]
[Result "1-0"]
[WhiteElo "2234"]
[BlackElo "1907"]
[PlyCount "95"]
[EventDate "2019.09.19"]
[EventType "swiss"]
[EventRounds "9"]
[EventCountry "RUS"]
[SourceTitle "EXT 2020"]
[Source "ChessBase"]
[SourceDate "2019.10.17"]
[SourceVersion "1"]
[SourceVersionDate "2019.10.17"]
[SourceQuality "1"]

1. d4 d5 2. c4 c6 3. Nf3 Nf6 4. Nbd2 Bf5 5. Nh4 Bg6 6. Qb3 Qc7 7. Nxg6 hxg6 8. g3 e6 9. Bg2 Nbd7 10. 0-0 Bd6 11. e4 dxe4 12. Nxe4 Nxe4 13. Bxe4 e5 14. dxe5 Bxe5 15. Bg2 0-0 16. Be3 Bd6 17. Rfd1 Rfd8 18. Qc2 Bc5 19. Rxd7 Rxd7 20. Bxc5 Rad8 21. Be3 Qa5 22. h4 Qh5 23. Kh2 Re7 24. b4 Re5 25. Qc3 f6 26. Bxa7 g5 27. Bf3 Qh7 28. Bd4 Re7 29. Re1 Rxe1 30. Qxe1 gxh4 31. Qe6+ Kh8 32. Bb6 hxg3+ 33. Kxg3 Qg6+ 34. Qg4 Qxg4+ 35. Kxg4 Ra8 36. b5 Rxa2 37. bxc6 bxc6 38. Bxc6 g6 39. Kg3 Kg7 40. c5 Kf8 41. Be4 f5 42. Bb7 Ke7 43. c6 Ra3+ 44. f3 Rc3 45. c7 Kd7 46. c8Q+ Rxc8 47. Bxc8+ Kxc8 48. Kf4 1-0

[Event "St Petersburg Korchnoi Memorial op"]
[Site "St Petersburg"]
[Date "2018.08.23"]
[Round "9"]
[White "Voskresenskaya, Marta"]
[Black "Khalaji, Hanieh"]
[Result "1/2-1/2"]
[WhiteElo "1963"]
[BlackElo "2150"]
[PlyCount "61"]
[EventDate "2018.08.15"]
[EventType "swiss"]
[EventRounds "9"]
[EventCountry "RUS"]
[SourceTitle "CBM 186 Extra"]
[Source "ChessBase"]
[SourceDate "2018.08.24"]
[SourceVersion "1"]
[SourceVersionDate "2018.08.24"]
[SourceQuality "1"]

1. d4 g6 2. Nf3 d6 3. c4 Bg7 4. Nc3 Bg4 5. e3 e5 6. Be2 Nc6 7. d5 Bxf3 8. Bxf3 Nce7 9. Qb3 b6 10. Qb5+ Qd7 11. Qxd7+ Kxd7 12. g3 f5 13. e4 Nf6 14. Bg2 fxe4 15. Nxe4 Nxe4 16. Bxe4 Nf5 17. Be3 Rhf8 18. Ke2 Rae8 19. Kd3 Nxe3 20. Kxe3 Bh6+ 21. Ke2 Re7 22. f3 Rb8 23. a4 a5 24. Ra3 Ra8 25. Rb3 Rf7 26. Rg1 Raf8 27. Rc3 Ra8 28. Rb3 Raf8 29. Rc3 Ra8 30. Rb3 Raf8 31. Rc3 1/2-1/2

[Event "St Petersburg Korchnoi Memorial op"]
[Site "St Petersburg"]
[Date "2018.08.18"]
[Round "4"]
[White "Khlichkova, Tatiana"]
[Black "Voskresenskaya, Marta"]
[Result "1-0"]
[WhiteElo "2231"]
[BlackElo "1963"]
[PlyCount "75"]
[EventDate "2018.08.15"]
[EventType "swiss"]
[EventRounds "9"]
[EventCountry "RUS"]
[SourceTitle "CBM 186 Extra"]
[Source "ChessBase"]
[SourceDate "2018.08.24"]
[SourceVersion "1"]
[SourceVersionDate "2018.08.24"]
[SourceQuality "1"]

1. d4 d5 2. c4 c6 3. Nf3 e6 4. Qc2 Nf6 5. Nbd2 Nbd7 6. g3 Be7 7. Bg2 b6 8. 0-0 Bb7 9. e4 dxe4 10. Nxe4 Nxe4 11. Qxe4 Nf6 12. Qe2 0-0 13. Rd1 Qc7 14. Bf4 Bd6 15. Bxd6 Qxd6 16. Ne5 Rab8 17. a3 c5 18. dxc5 Qxc5 19. b4 Qc7 20. Bxb7 Qxb7 21. b5 Rbd8 22. Nc6 Rxd1+ 23. Rxd1 h6 24. Qe5 Re8 25. a4 Nd7 26. Qd6 Nc5 27. a5 a6 28. axb6 Na4 29. Qc7 Qxb6 30. Qxb6 Nxb6 31. c5 Na4 32. bxa6 Nxc5 33. a7 Na6 34. Rd7 Ra8 35. Kf1 f6 36. Nb8 Nb4 37. Rd8+ Kh7 38. Nc6 1-0

[Event "Wch U14 Girls"]
[Site "Khanty-Mansiysk"]
[Date "2016.09.30"]
[Round "8"]
[White "Voskresenskaya, Marta"]
[Black "Priyanka, Nutakki"]
[Result "0-1"]
[WhiteElo "1835"]
[BlackElo "2070"]
[PlyCount "58"]
[EventDate "2016.09.22"]
[EventType "swiss"]
[EventRounds "11"]
[EventCountry "RUS"]
[SourceTitle "EXT 2017"]
[Source "ChessBase"]
[SourceDate "2016.10.25"]
[SourceVersion "1"]
[SourceVersionDate "2016.10.25"]
[SourceQuality "1"]

1. d4 Nf6 2. Nf3 e6 3. c4 b6 4. a3 Bb7 5. Nc3 d5 6. Bg5 Be7 7. e3 0-0 8. Bd3 Nbd7 9. 0-0 h6 10. Bh4 c5 11. h3 Rc8 12. cxd5 Nxd5 13. Bxe7 Qxe7 14. Nxd5 Bxd5 15. e4 Bb7 16. Qe2 cxd4 17. Nxd4 Nc5 18. b4 Rfd8 19. bxc5 Rxd4 20. cxb6 axb6 21. Rfd1 Rc3 22. Bc2 Rxd1+ 23. Qxd1 Qc7 24. Ra2 Bxe4 25. Bxe4 Rc1 26. Ra1 Rxd1+ 27. Rxd1 f5 28. Bf3 Qc5 29. a4 Qc4 0-1

[Event "Wch U20 Girls 33rd"]
[Site "Khanty-Mansiysk"]
[Date "2015.09.07"]
[Round "6"]
[White "Voskresenskaya, Marta"]
[Black "Milosevic, Jovana"]
[Result "0-1"]
[WhiteElo "1703"]
[BlackElo "2117"]
[PlyCount "108"]
[EventDate "2015.09.02"]
[EventType "swiss"]
[EventRounds "13"]
[EventCountry "RUS"]
[SourceTitle "EXT 2016"]
[Source "ChessBase"]
[SourceDate "2015.10.08"]
[SourceVersion "1"]
[SourceVersionDate "2015.10.08"]
[SourceQuality "1"]

1. d4 d5 2. c4 c6 3. Nf3 Nf6 4. Qc2 e6 5. Bg5 Be7 6. cxd5 cxd5 7. Nc3 Nc6 8. a3 a6 9. e3 0-0 10. Bd3 h6 11. Bh4 Bd7 12. 0-0 Rc8 13. h3 b5 14. Bg3 Qb6 15. Qe2 Na5 16. Ne5 Nc4 17. Rfc1 Rfd8 18. Na2 Be8 19. a4 Nxe5 20. Bxe5 bxa4 21. Bxa6 Rxc1+ 22. Rxc1 Ra8 23. Bd3 Qb3 24. Nc3 a3 25. bxa3 Qxa3 26. Qd1 Rc8 27. Ne2 Rxc1 28. Nxc1 Ba4 29. Bc2 Bxc2 30. Qxc2 Qa5 31. Nd3 Qa1+ 32. Qc1 Qa6 33. Qc2 Qc4 34. Qb1 Ne4 35. Nf4 Bh4 36. g3 Be7 37. Nh5 Qe2 38. g4 Qxf2+ 39. Kh1 f6 40. Bf4 Kf7 41. Qg1 g5 42. Qxf2 Nxf2+ 43. Kg2 Nd1 44. Bb8 Nxe3+ 45. Kf3 Nc2 46. Ba7 Bd6 47. Ng3 Bxg3 48. Kxg3 e5 49. dxe5 fxe5 50. h4 gxh4+ 51. Kxh4 Kg6 52. Kg3 d4 53. Bb6 d3 54. Ba5 Nd4 0-1

[Event "Wch U20 Girls 33rd"]
[Site "Khanty-Mansiysk"]
[Date "2015.09.05"]
[Round "4"]
[White "Voskresenskaya, Marta"]
[Black "Lingur, Zalina"]
[Result "0-1"]
[WhiteElo "1703"]
[BlackElo "2128"]
[PlyCount "138"]
[EventDate "2015.09.02"]
[EventType "swiss"]
[EventRounds "13"]
[EventCountry "RUS"]
[SourceTitle "EXT 2016"]
[Source "ChessBase"]
[SourceDate "2015.10.08"]
[SourceVersion "1"]
[SourceVersionDate "2015.10.08"]
[SourceQuality "1"]

1. d4 Nf6 2. c4 e6 3. Nf3 c5 4. d5 exd5 5. cxd5 d6 6. Bf4 Qb6 7. Qd2 Be7 8. Nc3 0-0 9. e3 Na6 10. Be2 Re8 11. h3 Bf5 12. 0-0 Ne4 13. Nxe4 Bxe4 14. Ng5 Bg6 15. a3 Bf6 16. Bd3 h6 17. Nf3 Qxb2 18. Rad1 Qxd2 19. Rxd2 Bxd3 20. Rxd3 Red8 21. Rb3 Rab8 22. Rfb1 b6 23. Nd2 Kf8 24. Nc4 Be7 25. e4 f6 26. Bg3 Rbc8 27. Rf3 Ke8 28. h4 Kd7 29. h5 Nc7 30. a4 Rf8 31. Ne3 Rb8 32. Nf5 a6 33. Nxg7 b5 34. axb5 axb5 35. Bf4 b4 36. Bxh6 c4 37. Nf5 Rfc8 38. Bg7 Ne8 39. h6 c3 40. Nd4 Nxg7 41. hxg7 f5 42. Nc6 Rb6 43. g8Q Rxg8 44. Rxb4 Rxb4 45. Nxb4 Bf6 46. Re3 Rb8 47. Nc2 Rb2 48. Re2 fxe4 49. g3 Rb5 50. Ne3 Bg5 51. Rc2 Bxe3 52. Rxc3 Bg5 53. Rc4 Rb1+ 54. Kg2 e3 55. fxe3 Bxe3 56. Rc3 Bc5 57. Rd3 Rb4 58. Kf3 Rd4 59. Rxd4 Bxd4 60. Ke4 Be5 61. g4 Kc7 62. Kf5 Kb6 63. g5 Kc5 64. Ke6 Bc3 65. g6 Be5 66. Kf7 Kxd5 67. g7 Bxg7 68. Kxg7 Ke4 69. Kg6 d5 0-1